000 00271nam a2200133Ia 4500
100 _aPai/V
942 _cBK
654 _aApplied Mechanics
245 _aApplied Mechanics.
260 _bPune Vidyarthi
_aPune
_c1988
300 _a259
546 _aENGLISH
999 _c25662
_d25662